Zarzadzanie przedsiebiorstwem bankowym srodowisko-organizacja-planowanie

Guardado en:
Detalles Bibliográficos
Autor principal: Kosinski, Bohdan
Formato: Libro
Lenguaje:polaco
Publicado: Warszawa Poltext 1997
Colección:Szkola Glówna Handlowa Studia Finansowo-Bankowe
Materias:
Etiquetas: Agregar Etiqueta
Sin Etiquetas, Sea el primero en etiquetar este registro!

MARC

LEADER 00000nam a2200000 4500
001 c123782
005 20221124075052.0
020 |a 83-86890-26-6 
041 0 |a pol 
044 |a PL 
245 1 0 |a Zarzadzanie przedsiebiorstwem bankowym  |b srodowisko-organizacja-planowanie  |c Bohdan Kosinski 
264 1 |a Warszawa  |b Poltext  |c 1997 
300 |a 195 s. 
490 1 |a Szkola Glówna Handlowa  |v Studia Finansowo-Bankowe 
830 0 |a Szkola Glówna Handlowa  |v Studia Finansowo-Bankowe 
610 2 0 |a banky 
610 2 0 |a bankovníctvo 
610 2 0 |a riadenie 
610 2 0 |a deregulácia 
610 2 0 |a konkurencia 
610 2 0 |a politika hospodárska 
610 2 0 |a klienti 
610 2 0 |a štruktúra organizačná 
610 2 0 |a analýzy 
610 2 0 |a bilancie 
610 2 0 |a západná Európa 
100 1 |a Kosinski, Bohdan